000 00974nam a2200301Ia 4500
003 OSt
005 20220912145048.0
006 a|||||r|||| 00| 0
007 ta
008 220909b |||||||| |||| 00| 0 eng d
020 _a1578083648 (hbd)
024 _a77803
037 _b981, 08/03/2007, Vardhman Books
037 _cTextbook
040 _aCSL
_beng
_cCSL
041 _aeng
082 _aG:55:(D855), P5 TG
100 _aFingerman Milton Ed.
245 0 _aBioremediation of aquatic and terrestrial ecosystems
260 _aEnfield
_bScience Publishers
_c2005
300 _axi,400p.
_ccm.
500 _aIncludes bibliographical references; Index 397-400p
650 _a Bioremediation
650 _aEnviornmental biology
700 _a Nagabhushanam Rachakonda Ed.
942 _hG:55:(D855), P5 TG
_cTB
_2CC
999 _c22195
_d22195